书目信息 |
| 题名: |
震撼世界的大决战
|
|
| 作者: | 王道平 著 | |
| 分册: | ||
| 出版信息: | 北京 解放军出版社 1990.4 |
|
| 页数: | 377页 | |
| 开本: | 20cm | |
| 丛书名: | ||
| 单 册: | ||
| 中图分类: | K266.06 , K266.06 | |
| 科图分类: | ||
| 主题词: | 第三次国内革命战争战役战斗--史料 , 中国--历史 | |
| 电子资源: | ||
| ISBN: | 7-5065-1245-9 | |
| 000 | 00851nam 2200253 45 | |
| 001 | 0190001515 | |
| 005 | 20061117100444.10 | |
| 010 | @a7-5065-1245-9@dCNY8.00@b精装 | |
| 100 | @a19900922d1990 ekmy0chiy0120 ea | |
| 101 | 0 | @achi |
| 102 | @aCN@b110000 | |
| 105 | @ay z 000yy | |
| 200 | 10 | @a震撼世界的大决战@AZHEN HAN SHI JIE DE DA JUE ZHAN@f王道平等著@FWANG DAO PING DENG ZHU |
| 210 | @a北京@c解放军出版社@d1990.4 | |
| 215 | @a377页@d20cm | |
| 300 | @a本书记述了辽沈战役、淮海战役、平津三大战役中人民解放军与国民党双方的情况、战略、决策、行动及其变化。 | |
| 540 | 1 | @a震撼 世界 决战@AZHEN HAN SHI JIE JUE ZHAN |
| 606 | @a第三次国内革命战争战役战斗@x史料 | |
| 606 | 0 | @a中国@x历史 |
| 690 | @aK266.06@v3 | |
| 690 | @aK266.06@v3 | |
| 701 | 0 | @a王道平@AWANG DAO PING@4著 |
| 801 | 0 | @aCN@bNLC@c20061117 |
| 905 | @f1@b249389@dK266.06@e30 | |
| 震撼世界的大决战/王道平等著.-北京:解放军出版社,1990.4 |
| 377页;20cm |
| 本书记述了辽沈战役、淮海战役、平津三大战役中人民解放军与国民党双方的情况、战略、决策、行动及其变化。 |
| ISBN 7-5065-1245-9(精装):CNY8.00 |
| ● |
| 相关链接 |
|
|
|
|
正题名:震撼世界的大决战
索取号:K266.06/30
 
预约/预借
| 序号 | 登录号 | 条形码 | 馆藏地/架位号 | 状态 | 备注 |
| 1 | 0231710 | 000353450 | 第二样本阅览室/ [索取号:K266.06/30] | 在馆 |